[Event "Mexico City Independence Cup 11th"]
[Site "Mexico City"]
[Date "2022.09.15"]
[Round "2"]
[White "Martinez Ramirez, Lennis"]
[Black "Banuelos Ramos, Miguel Valente"]
[Result "1-0"]
[WhiteElo "2419"]
[BlackElo "2126"]
[PlyCount "78"]
[EventDate "2022.09.14"]
[EventType "tourn"]
[EventRounds "7"]
[EventCountry "MEX"]
[SourceTitle "CBM 210 Extra"]
[Source "ChessBase"]
[SourceDate "2022.11.30"]
[SourceVersion "1"]
[SourceVersionDate "2022.11.30"]
[SourceQuality "1"]

1. c4 e5 2. Nc3 Nc6 3. g3 Bc5 4. Bg2 a6 5. a3 Ba7 6. e3 d6 7. Nge2 Nf6 8. d4 Bg4 9. h3 Bd7 10. b4 Qc8 11. c5 dxc5 12. bxc5 0-0 13. g4 Rd8 14. g5 Ne8 15. Qb3 Bf5 16. d5 Na5 17. Qb4 b6 18. e4 Bg6 19. h4 Qg4 20. Ng3 Nb7 21. h5 Nxc5 22. Bf1 a5 23. Qb1 Qf3 24. Be3 Bxe4 25. Ncxe4 Rxd5 26. Nxc5 bxc5 27. Be2 Qg2 28. Bd3 Nd6 29. Bxh7+ Kf8 30. h6 gxh6 31. gxh6 Rb8 32. Qc2 Qf3 33. Rg1 Rd8 34. Bd3 e4 35. Be2 Qf6 36. Rc1 Nf5 37. Nxf5 Qxf5 38. Qc3 f6 39. Rg7 R8d7 1-0

[Event "Mexico City Latinoamericano-C 1st"]
[Site "Mexico City"]
[Date "2021.11.05"]
[Round "4"]
[White "Banuelos Ramos, Miguel Valente"]
[Black "Corrales Jimenez, Zenia"]
[Result "0-1"]
[WhiteElo "2104"]
[BlackElo "2198"]
[PlyCount "132"]
[EventDate "2021.11.04"]
[EventType "tourn"]
[EventRounds "9"]
[EventCountry "MEX"]
[EventCategory "1"]
[SourceTitle "CBM 205 Extra"]
[Source "ChessBase"]
[SourceDate "2022.01.31"]
[SourceVersion "1"]
[SourceVersionDate "2022.01.31"]
[SourceQuality "1"]

1. e4 c5 2. Nf3 d6 3. Nc3 Nf6 4. Bc4 g6 5. h3 Bg7 6. d3 0-0 7. 0-0 Nc6 8. Be3 Na5 9. Bb3 b6 10. Qd2 Nxb3 11. axb3 d5 12. exd5 Nxd5 13. Bh6 Nb4 14. Bxg7 Kxg7 15. Rfe1 Bb7 16. Re3 e6 17. Rae1 Nd5 18. Nxd5 Bxd5 19. Qc3+ Kg8 20. Ne5 f6 21. Ng4 e5 22. Rg3 Be6 23. Qd2 Bxg4 24. Rxg4 g5 25. h4 h6 26. hxg5 hxg5 27. Rg3 Kg7 28. Re4 Rh8 29. f4 exf4 30. Qxf4 Re8 31. Qf5 Rxe4 32. Qxe4 Qd4+ 33. Re3 Qxe4 34. Rxe4 Kf7 35. Kf2 f5 36. Rc4 Ke6 37. b4 cxb4 38. Rxb4 Rc8 39. c3 Rd8 40. Ke3 f4+ 41. Ke2 Kf5 42. Re4 Rd7 43. Re8 Rh7 44. d4 Rh2 45. Kf2 Rh1 46. Re5+ Kg4 47. d5 Rb1 48. Re2 Rd1 49. c4 a5 50. b3 Kf5 51. Rb2 g4 52. Ke2 Rh1 53. Rd2 Rh2 54. Kf2 f3 55. Kg3 Rxg2+ 56. Rxg2 fxg2 57. Kxg2 Ke5 58. Kf2 b5 59. cxb5 Kxd5 60. b6 Kc6 61. b7 Kxb7 62. Kg3 Kb6 63. Kxg4 Kb5 64. Kf3 Kb4 65. Ke3 Kxb3 66. Kd2 Kb2 0-1

[Event "Manizales Las Americas blitz op"]
[Site "Manizales"]
[Date "2021.10.23"]
[Round "6"]
[White "Banuelos Ramos, Miguel Valente"]
[Black "Barrera Caicedo, Hubert Steven"]
[Result "1-0"]
[WhiteElo "1957"]
[BlackElo "1941"]
[PlyCount "106"]
[EventDate "2021.10.23"]
[EventType "swiss (blitz)"]
[EventRounds "11"]
[EventCountry "COL"]
[SourceTitle "CBM 205 Extra"]
[Source "ChessBase"]
[SourceDate "2022.01.31"]
[SourceVersion "1"]
[SourceVersionDate "2022.01.31"]
[SourceQuality "1"]

1. e4 c5 2. Nf3 e6 3. Nc3 Nc6 4. d4 cxd4 5. Nxd4 a6 6. Be3 Qc7 7. Bd3 Nf6 8. 0-0 h5 9. h3 b6 10. f4 Nxd4 11. Bxd4 Bc5 12. Bxc5 Qxc5+ 13. Kh1 Bb7 14. Qf3 0-0-0 15. Rfe1 d5 16. f5 dxe4 17. Nxe4 Nxe4 18. Bxe4 Bxe4 19. Qxe4 Qd5 20. fxe6 fxe6 21. Qxe6+ Qxe6 22. Rxe6 Kc7 23. Rae1 Rd2 24. Re7+ Rd7 25. R1e6 Rhd8 26. Kh2 a5 27. a4 Kb7 28. b3 Ka6 29. Kg3 Rd2 30. Rc6 R8d5 31. Rxg7 Rc5 32. Rxc5 bxc5 33. Rg6+ Kb7 34. Rg5 Rxc2 35. Rxh5 Kc6 36. Rf5 Rc3+ 37. Rf3 Rc1 38. h4 Rh1 39. Kg4 Kd5 40. Kg5 Ke4 41. h5 Rg1 42. Rf4+ Kd3 43. g4 Rb1 44. h6 Ke3 45. h7 Rh1 46. Rf7 Kd4 47. Kg6 Kc3 48. Rf3+ Kb4 49. Kg7 c4 50. bxc4 Kxc4 51. h8Q Rxh8 52. Kxh8 Kd4 53. g5 Kd5 1-0

[Event "Manizales Las Americas blitz op"]
[Site "Manizales"]
[Date "2021.10.23"]
[Round "2"]
[White "Banuelos Ramos, Miguel Valente"]
[Black "Sanchez, Sebastian Felipe"]
[Result "0-1"]
[WhiteElo "1957"]
[BlackElo "2406"]
[PlyCount "83"]
[EventDate "2021.10.23"]
[EventType "swiss (blitz)"]
[EventRounds "11"]
[EventCountry "COL"]
[SourceTitle "CBM 205 Extra"]
[Source "ChessBase"]
[SourceDate "2022.01.31"]
[SourceVersion "1"]
[SourceVersionDate "2022.01.31"]
[SourceQuality "1"]

1. e4 e6 2. d4 d5 3. Nc3 Bb4 4. e5 c5 5. a3 Bxc3+ 6. bxc3 Ne7 7. Qg4 0-0 8. h4 Nbc6 9. Nf3 f5 10. exf6 Rxf6 11. Bg5 Rf7 12. Qg3 Qa5 13. Bd2 Nf5 14. Qg5 Qa4 15. Bd3 c4 16. Bxf5 Rxf5 17. Qe3 Qxc2 18. 0-0 Bd7 19. Rae1 Raf8 20. Qe2 h6 21. Rb1 b6 22. a4 Qe4 23. Qxe4 dxe4 24. Nh2 Na5 25. Rbe1 Bc6 26. Ng4 Bd5 27. Ne3 R5f7 28. Bc1 Kh7 29. Ba3 Rd8 30. Ng4 Nc6 31. Re3 Rf4 32. Nh2 Rxh4 33. g3 Rh5 34. Kg2 Rf5 35. Rfe1 Rd7 36. R1e2 Rdf7 37. Ng4 h5 38. Ne5 Nxe5 39. dxe5 Rxe5 40. Bd6 Ref5 41. Rb2 Bc6 42. Ra2 0-1

[Event "Manizales Las Americas blitz op"]
[Site "Manizales"]
[Date "2021.10.23"]
[Round "7"]
[White "Hernandez, Jeronimo"]
[Black "Banuelos Ramos, Miguel Valente"]
[Result "1-0"]
[WhiteElo "1948"]
[BlackElo "1957"]
[PlyCount "57"]
[EventDate "2021.10.23"]
[EventType "swiss (blitz)"]
[EventRounds "11"]
[EventCountry "COL"]
[SourceTitle "CBM 205 Extra"]
[Source "ChessBase"]
[SourceDate "2022.01.31"]
[SourceVersion "1"]
[SourceVersionDate "2022.01.31"]
[SourceQuality "1"]

1. e4 e5 2. Nf3 Nc6 3. Bc4 Nf6 4. d3 Be7 5. 0-0 d6 6. c3 0-0 7. Nbd2 Kh8 8. d4 Ng8 9. Re1 Bg4 10. h3 Bh5 11. Qc2 Bf6 12. d5 Nb8 13. Be2 Bg6 14. c4 Nd7 15. b4 Be7 16. Bd3 a5 17. bxa5 Rxa5 18. Nb3 Ra8 19. Be3 b6 20. a4 Nc5 21. Nxc5 bxc5 22. a5 Qd7 23. Reb1 f5 24. exf5 Bxf5 25. Bxf5 Rxf5 26. a6 Rff8 27. Rb7 Rfb8 28. Rab1 Qc8 29. Qb3 1-0

[Event "Manizales Las Americas blitz op"]
[Site "Manizales"]
[Date "2021.10.23"]
[Round "5"]
[White "Palencia Morales, Wilson Guillermo"]
[Black "Banuelos Ramos, Miguel Valente"]
[Result "1-0"]
[WhiteElo "2298"]
[BlackElo "1957"]
[PlyCount "39"]
[EventDate "2021.10.23"]
[EventType "swiss (blitz)"]
[EventRounds "11"]
[EventCountry "COL"]
[SourceTitle "CBM 205 Extra"]
[Source "ChessBase"]
[SourceDate "2022.01.31"]
[SourceVersion "1"]
[SourceVersionDate "2022.01.31"]
[SourceQuality "1"]

1. d4 Nf6 2. Nf3 d5 3. Bf4 c5 4. e3 Nc6 5. Nc3 a6 6. Be2 Bf5 7. 0-0 cxd4 8. Nxd4 Bg6 9. Nxc6 bxc6 10. Na4 Nd7 11. c4 e6 12. Rc1 e5 13. Bg3 Qa5 14. a3 h5 15. b4 Qd8 16. cxd5 h4 17. dxc6 hxg3 18. cxd7+ Qxd7 19. Qxd7+ Kxd7 20. Nb6+ 1-0

[Event "Manizales Las Americas op-A"]
[Site "Manizales"]
[Date "2021.10.17"]
[Round "8"]
[White "Banuelos Ramos, Miguel Valente"]
[Black "Narvaez Ramirez, Faber Alberto"]
[Result "1/2-1/2"]
[WhiteElo "1957"]
[BlackElo "2093"]
[PlyCount "58"]
[EventDate "2021.10.14"]
[EventType "swiss"]
[EventRounds "10"]
[EventCountry "COL"]
[SourceTitle "CBM 204 Extra"]
[Source "ChessBase"]
[SourceDate "2021.11.30"]
[SourceVersion "1"]
[SourceVersionDate "2021.11.30"]
[SourceQuality "1"]

1. e4 e6 2. d4 d5 3. Nc3 Bb4 4. e5 Qd7 5. a3 Bf8 6. Be3 c5 7. dxc5 Nc6 8. Nf3 f6 9. Bb5 a6 10. Ba4 Nge7 11. 0-0 Nf5 12. b4 Be7 13. Ne2 Nxe3 14. fxe3 0-0 15. Ned4 Qc7 16. Nxc6 bxc6 17. Qd4 Bd7 18. e4 a5 19. c3 axb4 20. axb4 fxe5 21. Qxe5 Qxe5 22. Nxe5 Rxf1+ 23. Kxf1 Be8 24. exd5 exd5 25. Ra2 Bf6 26. Nxc6 Bxc3 27. b5 Bxc6 28. bxc6 Be5 29. Bb3 Rxa2 1/2-1/2

[Event "Manizales Las Americas op-A"]
[Site "Manizales"]
[Date "2021.10.15"]
[Round "4"]
[White "Pazos Gambarrotti, Plinio Efrain"]
[Black "Banuelos Ramos, Miguel Valente"]
[Result "1-0"]
[WhiteElo "2066"]
[BlackElo "1957"]
[PlyCount "85"]
[EventDate "2021.10.14"]
[EventType "swiss"]
[EventRounds "10"]
[EventCountry "COL"]
[SourceTitle "CBM 204 Extra"]
[Source "ChessBase"]
[SourceDate "2021.11.30"]
[SourceVersion "1"]
[SourceVersionDate "2021.11.30"]
[SourceQuality "1"]

1. Nf3 Nf6 2. g3 d5 3. c4 d4 4. Bg2 c5 5. b4 cxb4 6. a3 bxa3 7. Bxa3 Nc6 8. d3 g6 9. 0-0 Bg7 10. Nbd2 0-0 11. Qc2 h6 12. Rfb1 Re8 13. h3 e5 14. Rb2 Qc7 15. Rab1 Rb8 16. Ne1 Nh7 17. Ne4 Bf8 18. Bxf8 Rxf8 19. Qc1 Kg7 20. Nc2 f5 21. Nd2 a5 22. e3 Rd8 23. exd4 Nxd4 24. Nxd4 Rxd4 25. Qc3 Qd6 26. Bf1 b6 27. c5 Qc7 28. Rxb6 Rxb6 29. Rxb6 Rd5 30. Rb5 Ba6 31. Rxa5 Bxd3 32. Bxd3 Rxd3 33. Qxd3 Qxa5 34. Qd7+ Kf6 35. Qd6+ Kf7 36. Nf3 Qa1+ 37. Kg2 Nf8 38. Nxe5+ Kg8 39. Qd5+ Kh8 40. c6 Qc3 41. Qd6 Kg8 42. c7 Qc2 43. Qc6 1-0